LEADER 00988nam a2200229 i 4500 001 000000143326 003 CaOOAMICUS 005 20050929000000.0 008 050929s1978 it u000 u ita u 013 $a118684 040 $aSeMil$bita 245 10$aGiovanni Paolo 1. Lo spazio di un sorriso :$bi venti discorsi del suo pontificato /$ca cura di Piergiorgio Beretta. 250 $a2. ed. 260 $aRoma :$bPaoline,$c1978. 300 $a123 p. ;$c18 cm. 650 4$aGiovanni Paolo I - Scritti e discorsi.$0(OLS)http://semarc/subject/16755 700 1 $aBeretta, Piergiorgio.$0(OLS)http://semarc/name/168 850 $aSeMil 852 $aSeMil$W1$xVenegono$y1$m3A II 329$j96435$B96435$CSeMilBibl$Z2$F103730 $81 961 $aRecupero: Seminario di Seveso 996 $6245$aGiovanni Paolo 1. Lo spazio di un sorriso :$bi venti discorsi del suo pontificato$9(OLS)http://semarc/title/209769 996 $6260$aRoma :$bPaoline$9(OLS)http://semarc/publisher/29686 LEADER 00480nas a2200157 i 4500 001 000000130084 003 CaOOAMICUS 005 20041014000000.0 008 041014b it uu u0 0ita r 013 $a102817 040 $aSeMil$bita 245 10$aTitolo mancante. 773 0 $tCittadino.$dGenova : [s.n.] $w()3256 850 $aSeMil 852 $aSeMil$W1$xVenegono$y1$m5A XI 8/37$j84153$B84153$CSeMilBibl$Z2$F87673 $82 996 $6245$aTitolo mancante$9(OLS)http://semarc/title/46445